Normal view
MARC view
Entry Topical Term
001 - CONTROL NUMBER
- control field: 34998
003 - CONTROL NUMBER IDENTIFIER
- control field: ARRUPE
005 - DATE AND TIME OF LATEST TRANSACTION
- control field: 20170822100738.0
008 - FIXED-LENGTH DATA ELEMENTS
- fixed length control field: 170822|| aca||aabn | a|a d
040 ## - CATALOGING SOURCE
- Original cataloging agency: ARRUPE
- Transcribing agency: ARRUPE
150 ## - HEADING--TOPICAL TERM
- Topical term or geographic name as entry element: Education, Preschool
670 ## - SOURCE DATA FOUND
- Source citation: Work cat.: (ARRUPE)0: Hendrick, Joanne, 1928- 34997, The whole child;, 1975.